00679nam a2200157Ia 4500008004100000100003200041245008300073245012500156260005300281260000900334300001000343650001500353856006100368999001900429952007300448170221s9999 xx 000 0 und d aEvgeny Vasilyevich Shirshov aInnovative Methods in the Educational Processes of Contemporary Higher School  cEvgeny Vasilyevich Shirshov, Tatyana Sergeevna Butorina, Valentina Nickolaevna Novikova, Churbanov Alexander Leonidovich bInternational Review of Management and Marketing c2012 a3 : 3 xMarketing. uhttp://www.econjournals.com/index.php/irmm/issue/view/75 c314013d314013 001040aCLbCLd2017-02-21l0r2017-02-21 00:00:00w2017-02-21yFOJ